| 000 | 00766nam a2200193 i 4500 | ||
|---|---|---|---|
| 001 | 185936 | ||
| 003 | ES-MaACL | ||
| 005 | 20250824074521.0 | ||
| 008 | 160826s1940 sp |||| | spa d | ||
| 100 | 1 |
_aVega, Lope de, _d1562-1635 _9113563 |
|
| 245 | 1 | 0 |
_aSantiago el verde / _cLope de Vega ; comedia publicada por Ruth Annelise Oppenheimer. |
| 260 |
_aMadrid : _bJunta para Ampliación de Estudios e Investigaciones Científicas, Centro de Estudios Históricos, _c1940. |
||
| 300 |
_a324 p. ; _c22 cm. |
||
| 490 | 1 |
_aTeatro antiguo español. Textos y estudios ; _v9 |
|
| 700 | 1 |
_aOppenheimer, Ruth Annelise. _9160585 |
|
| 830 | 0 | 0 |
_aTeatro antiguo español. _pTextos y estudios _v9 _9192449 |
| 852 |
_aES-MaACL _jB-13197(2) |
||
| 999 |
_c185936 _d185936 |
||